[Event "AUT-ch U12"]
[Site "St Veit"]
[Date "2021.10.27"]
[Round "5.5"]
[White "Englisch, Tobias"]
[Black "Roessler, Felix"]
[Result "1-0"]
[WhiteElo "1793"]
[BlackElo "1557"]
[PlyCount "57"]
[EventDate "2021.10.25"]
[EventType "swiss"]
[EventRounds "5"]
[EventCountry "AUT"]
[SourceTitle "EXT 2023"]
[Source "ChessBase"]
[SourceDate "2022.10.05"]
[SourceVersion "1"]
[SourceVersionDate "2022.10.05"]
[SourceQuality "1"]

1. e4 e5 2. Nf3 Nc6 3. Nc3 Nf6 4. d4 exd4 5. Nxd4 Bb4 6. Nxc6 bxc6 7. Bd3 d6 8. 0-0 Ng4 9. a3 Bc5 10. h3 Ne5 11. Be2 0-0 12. Kh2 a5 13. f4 Ng6 14. Qe1 Ba6 15. Qg3 Bxe2 16. Nxe2 Qh4 17. Qxh4 Nxh4 18. f5 Rfe8 19. g3 d5 20. gxh4 Rxe4 21. Nc3 Bd6+ 22. Kg2 Rxh4 23. Bg5 Rh5 24. Bd2 h6 25. Rae1 Rb8 26. Nd1 Rb5 27. Bc3 Rg5+ 28. Kh1 Bc5 29. a4 1-0

[Event "AUT-ch U12"]
[Site "St Veit"]
[Date "2021.10.25"]
[Round "1.2"]
[White "Englisch, Tobias"]
[Black "Aschenbrenner, Philip"]
[Result "1-0"]
[WhiteElo "1793"]
[BlackElo "1407"]
[PlyCount "83"]
[EventDate "2021.10.25"]
[EventType "swiss"]
[EventRounds "5"]
[EventCountry "AUT"]
[SourceTitle "EXT 2023"]
[Source "ChessBase"]
[SourceDate "2022.10.05"]
[SourceVersion "1"]
[SourceVersionDate "2022.10.05"]
[SourceQuality "1"]

1. e4 c5 2. Nf3 d6 3. d4 cxd4 4. Nxd4 Nf6 5. Nc3 g6 6. Be3 Bg7 7. f3 0-0 8. Qd2 Nc6 9. 0-0-0 d5 10. exd5 Nxd5 11. Nxc6 bxc6 12. Bd4 e5 13. Bc5 Be6 14. Ne4 Rb8 15. Bc4 f5 16. Ng5 e4 17. c3 Bh6 18. f4 Re8 19. h4 Bxg5 20. hxg5 Qa5 21. Qd4 Rb7 22. Rh6 Rd8 23. Rdh1 Nxf4 24. Bxe6+ Nxe6 25. Rxg6+ Rg7 26. Rxg7+ Nxg7 27. Qf6 Qc7 28. Qh6 Qf4+ 29. Kb1 Qd2 30. Qxh7+ Kf7 31. Bd4 Rxd4 32. cxd4 Qxg5 33. Rf1 e3 34. Qh3 e2 35. Re1 Qd2 36. Qc3 Qd1+ 37. Qc1 Qd3+ 38. Qc2 Qxd4 39. Qxe2 Qd6 40. Qe5 Qxe5 41. Rxe5 Kf6 42. Rc5 1-0

[Event "EU-ch Online U12"]
[Site "Tornelo INT"]
[Date "2020.09.19"]
[Round "6"]
[White "Medhus, Vitus Bondo"]
[Black "Englisch, Tobias"]
[Result "1-0"]
[WhiteElo "1516"]
[BlackElo "1272"]
[PlyCount "61"]
[EventDate "2020.09.18"]
[EventType "swiss (rapid)"]
[EventRounds "9"]
[EventCountry "ENG"]
[SourceTitle "EXT 2023"]
[Source "ChessBase"]
[SourceDate "2022.10.05"]
[SourceVersion "1"]
[SourceVersionDate "2022.10.05"]
[SourceQuality "1"]
[WhiteTeam "Denmark"]
[BlackTeam "Austria"]
[WhiteTeamCountry "DEN"]
[BlackTeamCountry "AUT"]

1. e4 c5 2. Nf3 d6 3. d4 cxd4 4. Nxd4 Nf6 5. Nc3 a6 6. f3 e5 7. Nb3 Be7 8. Be3 0-0 9. Qd2 Be6 10. 0-0-0 Nbd7 11. g4 b5 12. h4 b4 13. Nd5 Bxd5 14. exd5 a5 15. Kb1 a4 16. Nc1 Qc7 17. h5 Rfb8 18. g5 Ne8 19. g6 f6 20. gxh7+ Kh8 21. Qd3 Nf8 22. Rg1 b3 23. cxb3 axb3 24. Nxb3 Qd7 25. Qc4 Ra4 26. Qc6 Qxc6 27. dxc6 Rc8 28. Bd3 Rh4 29. Bg6 Nxh7 30. Bf5 Rc7 31. Bd7 1-0

[Event "EU-ch Online U12"]
[Site "Tornelo INT"]
[Date "2020.09.18"]
[Round "2"]
[White "Ahmad, Khagan"]
[Black "Englisch, Tobias"]
[Result "1-0"]
[WhiteElo "1539"]
[BlackElo "1272"]
[PlyCount "59"]
[EventDate "2020.09.18"]
[EventType "swiss (rapid)"]
[EventRounds "9"]
[EventCountry "ENG"]
[SourceTitle "EXT 2023"]
[Source "ChessBase"]
[SourceDate "2022.10.05"]
[SourceVersion "1"]
[SourceVersionDate "2022.10.05"]
[SourceQuality "1"]
[WhiteTeam "Azerbaijan"]
[BlackTeam "Austria"]
[WhiteTeamCountry "AZE"]
[BlackTeamCountry "AUT"]

1. e4 c5 2. Nf3 d6 3. d4 cxd4 4. Nxd4 Nf6 5. Nc3 a6 6. Be3 Nc6 7. f3 e6 8. Qd2 Be7 9. 0-0-0 Bd7 10. g4 b5 11. Nb3 Ne5 12. Qg2 Rc8 13. g5 Nh5 14. Kb1 Qc7 15. f4 Nc4 16. Bxc4 Qxc4 17. Qe2 b4 18. Rd4 Qxe2 19. Nxe2 Bb5 20. Ng3 Nxg3 21. hxg3 Bc4 22. Na5 Be2 23. Rh2 Bf3 24. Rf2 Bh1 25. Nc4 d5 26. exd5 exd5 27. Nb6 Rd8 28. Rfd2 Be4 29. Nxd5 Bc5 30. Rxe4+ 1-0

[Event "EU-ch Online U12"]
[Site "Tornelo INT"]
[Date "2020.09.18"]
[Round "3"]
[White "Englisch, Tobias"]
[Black "Sundac, Ivano"]
[Result "1-0"]
[WhiteElo "1272"]
[BlackElo "1539"]
[PlyCount "57"]
[EventDate "2020.09.18"]
[EventType "swiss (rapid)"]
[EventRounds "9"]
[EventCountry "ENG"]
[SourceTitle "EXT 2023"]
[Source "ChessBase"]
[SourceDate "2022.10.05"]
[SourceVersion "1"]
[SourceVersionDate "2022.10.05"]
[SourceQuality "1"]
[WhiteTeam "Austria"]
[BlackTeam "Croatia"]
[WhiteTeamCountry "AUT"]
[BlackTeamCountry "CRO"]

1. e4 c5 2. Nf3 d6 3. Bb5+ Bd7 4. Bxd7+ Qxd7 5. c4 Nc6 6. d4 cxd4 7. Nxd4 Nf6 8. Nc3 g6 9. 0-0 Bg7 10. h3 Nxe4 11. Nxc6 Nxc3 12. Qd3 Qxc6 13. bxc3 0-0 14. Re1 e6 15. Ba3 Rfd8 16. Rad1 d5 17. cxd5 Rxd5 18. Qb1 Rad8 19. Rxd5 Rxd5 20. c4 Rg5 21. g3 Bd4 22. Qd3 Qd7 23. Kf1 e5 24. g4 f5 25. Rxe5 Qa4 26. Qxd4 Qxa3 27. Qd8+ Kg7 28. Re7+ Kf6 29. Qf8# 1-0

[Event "Innsbruck op 4th"]
[Site "Innsbruck"]
[Date "2020.08.23"]
[Round "3"]
[White "Englisch, Tobias"]
[Black "Ivanyk, Igor"]
[Result "0-1"]
[WhiteElo "1906"]
[BlackElo "2046"]
[PlyCount "52"]
[EventDate "2020.08.22"]
[EventType "swiss"]
[EventRounds "9"]
[EventCountry "AUT"]
[SourceTitle "CBM 198 Extra"]
[Source "ChessBase"]
[SourceDate "2020.11.30"]
[SourceVersion "1"]
[SourceVersionDate "2020.11.30"]
[SourceQuality "1"]

1. e4 c5 2. Nf3 e6 3. g3 d5 4. exd5 exd5 5. Bg2 Nf6 6. 0-0 Nc6 7. d4 Be7 8. dxc5 0-0 9. a3 Bxc5 10. b4 Bb6 11. Bb2 Bf5 12. Ne5 Rc8 13. Nd3 Bg4 14. Bf3 Bxf3 15. Qxf3 Nd4 16. Bxd4 Bxd4 17. Ra2 Ne4 18. Nf4 Qf6 19. Qd3 Rfd8 20. Kg2 Nxf2 21. Qb3 Ng4 22. Nxd5 Qc6 23. Kh3 Rxd5 24. Kxg4 Qg6+ 25. Kh3 Qh5+ 26. Kg2 Qe2+ 0-1

[Event "EU-ch U10"]
[Site "Bratislava"]
[Date "2019.08.07"]
[Round "6"]
[White "Englisch, Tobias"]
[Black "Misiuk, Martynas"]
[Result "1/2-1/2"]
[WhiteElo "1643"]
[BlackElo "1331"]
[PlyCount "45"]
[EventDate "2019.08.02"]
[EventType "swiss"]
[EventRounds "9"]
[EventCountry "SVK"]
[SourceTitle "EXT 2020"]
[Source "ChessBase"]
[SourceDate "2019.10.17"]
[SourceVersion "1"]
[SourceVersionDate "2019.10.17"]
[SourceQuality "1"]

1. e4 c5 2. Nf3 g6 3. c4 Nc6 4. d4 cxd4 5. Nxd4 Nf6 6. Nc3 d6 7. Be2 Bg7 8. Be3 0-0 9. 0-0 Ne5 10. h3 Bd7 11. Qd2 Rc8 12. b3 a6 13. Rac1 Re8 14. Rfd1 Qa5 15. Qe1 Kh8 16. f4 Nc6 17. Bf3 Nxd4 18. Bxd4 e5 19. Be3 b5 20. cxb5 exf4 21. Bxf4 axb5 22. Bxd6 b4 23. Ne2 1/2-1/2

[Event "AUT-ch U10"]
[Site "St Kanzian"]
[Date "2019.06.22"]
[Round "6"]
[White "Englisch, Tobias"]
[Black "Rosol, Philip"]
[Result "1-0"]
[WhiteElo "1387"]
[BlackElo "1481"]
[PlyCount "57"]
[EventDate "2019.06.21"]
[EventType "swiss"]
[EventRounds "7"]
[EventCountry "AUT"]
[SourceTitle "CBM 191 Extra"]
[Source "ChessBase"]
[SourceDate "2019.09.30"]
[SourceVersion "1"]
[SourceVersionDate "2019.09.30"]
[SourceQuality "1"]

1. e4 c6 2. d4 d5 3. Nc3 dxe4 4. Nxe4 Bf5 5. Ng3 Bg6 6. h4 h6 7. h5 Bh7 8. Nf3 Nd7 9. Bd3 Bxd3 10. Qxd3 e6 11. Bf4 Qa5+ 12. c3 Ngf6 13. 0-0 0-0-0 14. b4 Qb5 15. Qxb5 cxb5 16. a4 Nd5 17. Bd2 bxa4 18. Rxa4 a6 19. c4 N5b6 20. Raa1 Nxc4 21. Rfc1 b5 22. Rxa6 Kb7 23. Ra2 Nxd2 24. Rxd2 Bxb4 25. Rb2 Bd6 26. Ne4 Be7 27. Rxb5+ Nb6 28. Rcb1 Rd5 29. Rxb6+ 1-0

[Event "AUT-ch U12"]
[Site "St Veit"]
[Date "2019.06.10"]
[Round "5.7"]
[White "Wohlgenannt, Nicolas"]
[Black "Englisch, Tobias"]
[Result "1-0"]
[WhiteElo "1422"]
[BlackElo "1654"]
[PlyCount "61"]
[EventDate "2019.06.08"]
[EventType "swiss"]
[EventRounds "7"]
[EventCountry "AUT"]
[SourceTitle "EXT 2024"]
[Source "ChessBase"]
[SourceDate "2023.10.10"]
[SourceVersion "1"]
[SourceVersionDate "2023.10.10"]
[SourceQuality "1"]

1. e4 c5 2. Nf3 d6 3. d4 cxd4 4. Nxd4 Nf6 5. Nc3 g6 6. Be3 Bg7 7. f3 0-0 8. Qd2 Nc6 9. g4 Be6 10. Nxe6 fxe6 11. 0-0-0 Ne5 12. Be2 Qc8 13. h4 b5 14. Nxb5 Qb7 15. Nd4 Rab8 16. b3 Qc8 17. h5 Nc6 18. Nxe6 Nb4 19. Nxg7 Kxg7 20. Bh6+ Kf7 21. Bxf8 Qxf8 22. Kb1 gxh5 23. g5 Nd7 24. Qf4+ Ke8 25. Qxf8+ Kxf8 26. Rxh5 Rc8 27. c4 Rc5 28. f4 Ra5 29. a4 Kg7 30. g6 hxg6 31. Rxa5 1-0

[Event "EU-ch U10 28th"]
[Site "Riga"]
[Date "2018.08.20"]
[Round "1"]
[White "Englisch, Tobias"]
[Black "Deuer, Marius"]
[Result "1-0"]
[WhiteElo "1387"]
[BlackElo "1811"]
[PlyCount "99"]
[EventDate "2018.08.20"]
[EventType "swiss"]
[EventRounds "9"]
[EventCountry "LAT"]
[SourceTitle "CBM 186 Extra"]
[Source "ChessBase"]
[SourceDate "2018.08.24"]
[SourceVersion "1"]
[SourceVersionDate "2018.08.24"]
[SourceQuality "1"]

1. e4 c5 2. Nf3 Nc6 3. Bb5 g6 4. Bxc6 dxc6 5. d3 Bg7 6. Nc3 Nf6 7. Be3 b6 8. h3 0-0 9. Qd2 Re8 10. Bf4 Nd7 11. e5 Nf8 12. 0-0-0 Ne6 13. Bh6 Nd4 14. Bxg7 Kxg7 15. Qf4 Be6 16. Ng5 f6 17. Qxd4 fxg5 18. Qe3 h6 19. h4 g4 20. h5 Qd4 21. Qd2 Qxe5 22. hxg6 Qg5 23. Qxg5 hxg5 24. Rde1 Bf5 25. Rh7+ Kf6 26. Rf7+ Kxg6 27. Rexe7 Rxe7 28. Rxe7 Kf6 29. Rc7 Ke5 30. Kd2 Rd8 31. Rxc6 Rc8 32. Rxc8 Bxc8 33. Ke3 Kf6 34. Ne4+ Kg6 35. g3 Be6 36. c4 Kf5 37. a3 Kg6 38. b4 cxb4 39. axb4 Kf5 40. Kd4 Bd7 41. b5 Be6 42. Nd6+ Kf6 43. Ke4 Bd7 44. d4 Ke6 45. c5 bxc5 46. dxc5 Ke7 47. Ke5 a5 48. bxa6 Bc6 49. a7 Ba8 50. Nc8+ 1-0

[Event "AUT-ch U10"]
[Site "St Kanzian"]
[Date "2018.06.01"]
[Round "2.9"]
[White "Mueller, Nick2"]
[Black "Englisch, Tobias"]
[Result "0-1"]
[WhiteElo "1046"]
[BlackElo "1257"]
[PlyCount "52"]
[EventDate "2018.06.01"]
[EventType "swiss"]
[EventRounds "7"]
[EventCountry "AUT"]
[SourceTitle "EXT 2024"]
[Source "ChessBase"]
[SourceDate "2023.10.10"]
[SourceVersion "1"]
[SourceVersionDate "2023.10.10"]
[SourceQuality "1"]

1. e4 c5 2. Nc3 d6 3. Bb5+ Nd7 4. Nf3 Qc7 5. d3 a6 6. Bxd7+ Bxd7 7. Bf4 e6 8. 0-0 g6 9. h3 Bg7 10. d4 cxd4 11. Nxd4 e5 12. Nd5 Qd8 13. Bxe5 dxe5 14. Nf3 Ne7 15. c4 0-0 16. c5 Bc6 17. Nb6 Qxd1 18. Raxd1 Rad8 19. Rxd8 Rxd8 20. Ng5 h6 21. Nf3 Bxe4 22. Nc4 Bxf3 23. gxf3 Rc8 24. Re1 Rxc5 25. Rc1 b5 26. Rd1 Rxc4 0-1

[Event "EU Union-ch U08 15th"]
[Site "Mureck"]
[Date "2017.08.10"]
[Round "9"]
[White "Englisch, Tobias"]
[Black "Guba, Viktor"]
[Result "0-1"]
[WhiteElo "1053"]
[BlackElo "1498"]
[PlyCount "102"]
[EventDate "2017.08.02"]
[EventType "swiss"]
[EventRounds "9"]
[EventCountry "AUT"]
[SourceTitle "CBM 180 Extra"]
[Source "ChessBase"]
[SourceDate "2017.10.06"]
[SourceVersion "1"]
[SourceVersionDate "2017.10.06"]
[SourceQuality "1"]

1. e4 e5 2. Nf3 Nc6 3. Bc4 Bc5 4. d3 Nf6 5. Nc3 d6 6. a3 a6 7. Bg5 h6 8. Bh4 Bd7 9. h3 g5 10. Bg3 Ne7 11. Qd2 Ng6 12. Ne2 Qe7 13. b4 Ba7 14. Bb3 Nh5 15. Bh2 Nhf4 16. Nxf4 Nxf4 17. Rg1 Be6 18. Bg3 h5 19. h4 g4 20. Ng5 Bxb3 21. cxb3 f6 22. Bxf4 exf4 23. Qxf4 fxg5 24. Qxg5 Qxg5 25. hxg5 Rg8 26. Rc1 0-0-0 27. Ke2 Rxg5 28. Rh1 Rf8 29. Rcf1 Re5 30. Rh2 d5 31. f4 g3 32. Rh3 Re7 33. Kf3 dxe4+ 34. dxe4 Rfe8 35. e5 Rh7 36. Rxg3 h4 37. Rh3 Rd8 38. Kg4 Rg8+ 39. Kf3 Rhg7 40. Rxh4 Rxg2 41. e6 R2g3+ 42. Ke4 Rxb3 43. f5 Rxa3 44. f6 Re3+ 45. Kf5 Rf8 46. e7 Rxe7 47. Rh8 Ref7 48. Rxf8+ Rxf8 49. Kg6 Bd4 50. f7 Bc3 51. Rh1 Bxb4 0-1

[Event "EU Union-ch U08 15th"]
[Site "Mureck"]
[Date "2017.08.03"]
[Round "2"]
[White "Englisch, Tobias"]
[Black "Klopf, Richard"]
[Result "1-0"]
[WhiteElo "1053"]
[BlackElo "1003"]
[PlyCount "45"]
[EventDate "2017.08.02"]
[EventType "swiss"]
[EventRounds "9"]
[EventCountry "AUT"]
[SourceTitle "CBM 180 Extra"]
[Source "ChessBase"]
[SourceDate "2017.10.06"]
[SourceVersion "1"]
[SourceVersionDate "2017.10.06"]
[SourceQuality "1"]

1. e4 e5 2. Nf3 Nc6 3. Bc4 Bc5 4. d3 Nf6 5. c3 d6 6. b4 Bb6 7. a4 a6 8. a5 Ba7 9. h3 Be6 10. Bxe6 fxe6 11. Bg5 h6 12. Bh4 g5 13. Bg3 Qe7 14. h4 gxh4 15. Bxh4 0-0-0 16. Nbd2 Rhg8 17. g3 Ng4 18. Bxe7 Nxf2 19. Qb3 Nxh1 20. Qxe6+ Kb8 21. Bxd8 Nxd8 22. Qxg8 Nxg3 23. Qxd8# 1-0

[Event "AUT-ch U08"]
[Site "St Kanzian"]
[Date "2017.06.17"]
[Round "6.1"]
[White "Guba, Viktor"]
[Black "Englisch, Tobias"]
[Result "1/2-1/2"]
[WhiteElo "1498"]
[BlackElo "1053"]
[PlyCount "60"]
[EventDate "2017.06.16"]
[EventType "swiss"]
[EventRounds "7"]
[EventCountry "AUT"]
[SourceTitle "EXT 2024"]
[Source "ChessBase"]
[SourceDate "2023.10.10"]
[SourceVersion "1"]
[SourceVersionDate "2023.10.10"]
[SourceQuality "1"]

1. e4 e5 2. Nf3 Nc6 3. Bb5 a6 4. Bxc6 dxc6 5. Nc3 Bd6 6. d4 exd4 7. Qxd4 f6 8. Be3 Qe7 9. 0-0-0 Bg4 10. h3 Bxf3 11. gxf3 Qe5 12. Qxe5+ fxe5 13. Rhg1 g6 14. Na4 b5 15. Nc5 Nf6 16. Nb7 Be7 17. Na5 c5 18. Nc6 Bd6 19. Bg5 0-0 20. Bh6 Rf7 21. Rg2 Nd7 22. Rg3 Nf6 23. Rg2 Nh5 24. Rd3 Nf4 25. Bxf4 Rxf4 26. Rg4 Raf8 27. Rxf4 Rxf4 28. Kd2 c4 29. Rc3 Kf7 30. Ke2 Ke6 1/2-1/2